000 00713cam a2200217 a 4500
999 _c446
_d446
008 080915s2009 enkab b 001 0 eng
020 _a9781138669574
040 _aDLC
082 0 0 _a388.01
_222
_bR6961
100 1 _aRodrigue, Jean-Paul,
_d1967-
245 1 4 _aThe geography of transport systems /
_cJean-Paul Rodrigue
250 _a4th ed.
260 _aLondon ;
_aNew York :
_bRoutledge,
_c2017.
300 _axiv; 439p. :
_bill., maps ;
_c26 cm.
504 _aIncludes bibliographical references and index.
650 0 _aTransportation geography.
700 1 _aComtois, Claude,
_d1954-
700 1 _aSlack, Brian,
_d1939-
856 4 1 _uhttp://www.loc.gov/catdir/toc/ecip0828/2008040189.html
942 _2ddc
_cBK